000 00464nam a2200205Ia 4500
003 0100
008 130303s9999 xx 000 0 und d
020 _a0534178863
040 _cARRUPELIB
050 _aBJ1012.S45 1992
100 _aShaw, William H
245 _aSocial and personal ethics
260 _aBelmont
260 _bWadsworth Publishing Co.
260 _C1992
300 _axi
300 _b 480p. 24cm.
650 _aETHICS
942 0 0 _06
999 _c19798
_d19798